Digital design of signal processing systems : (Record no. 189208)

000 -LEADER
fixed length control field 01247 a2200193 4500
003 - CONTROL NUMBER IDENTIFIER
control field Nust
005 - DATE AND TIME OF LATEST TRANSACTION
control field 20170207153559.0
010 ## - LIBRARY OF CONGRESS CONTROL NUMBER
LC control number 2010026285
020 ## - INTERNATIONAL STANDARD BOOK NUMBER
International Standard Book Number 9780470741832 (cloth)
040 ## - CATALOGING SOURCE
Transcribing agency Nust
082 00 - DEWEY DECIMAL CLASSIFICATION NUMBER
Classification number 621.3822
100 1# - MAIN ENTRY--PERSONAL NAME
Personal name Khan, Shoab.
245 10 - TITLE STATEMENT
Title Digital design of signal processing systems :
Remainder of title a practical approach /
Statement of responsibility, etc. Shoab Khan.
260 ## - PUBLICATION, DISTRIBUTION, ETC.
Place of publication, distribution, etc. Chichester, West Sussex, U.K. ;
-- Hoboken, N.J. :
Name of publisher, distributor, etc. Wiley,
Date of publication, distribution, etc. 2010.
300 ## - PHYSICAL DESCRIPTION
Extent xx, 586 p. :
Other physical details ill. ;
Dimensions 26 cm.
505 ## - FORMATTED CONTENTS NOTE
Formatted contents note Overview (Page-1)Using a Hardware Description Language (Page-21) Systems Design Flow and Fixed Point Arithmetic (Page-81) Mapping on Fully Dedicated Architecture (Page-133) Design Options for Basic Building Blocks (Page-183) Multiplier –Less Multiplication by Constant (Page-253)Pipelining Retiming Look ahead Transformation and Polyphone Decomposition (Page-301) Unfolding and Folding of Architectures (Page-343) Design Based on Finite State Machines (Page-381) Micro programmed state Machines (Page-421) Micro Programmed Adaptive Filtering Application (Page-453) CORDIC based DDFS Architectures (Page-483) Digital Design of Communication System (Page-521)
538 ## - SYSTEM DETAILS NOTE
System details note Almirah No.45 Shelf No.5
650 #0 - SUBJECT ADDED ENTRY--TOPICAL TERM
Topical term or geographic name entry element Telecommunication Engineering
General subdivision Digital techniques.
942 ## - ADDED ENTRY ELEMENTS (KOHA)
Koha item type Reference
Holdings
Withdrawn status Lost status Source of classification or shelving scheme Damaged status Not for loan Collection code Permanent Location Current Location Date acquired Total Checkouts Full call number Barcode Checked out Date last seen Date last checked out Price effective from Koha item type
            Military College of Signals (MCS) Military College of Signals (MCS) 12/12/2016 2 621.3822 KHA MCS34993 07/22/2025 03/24/2025 03/24/2025 12/12/2016 Book
© 2023 Central Library, National University of Sciences and Technology. All Rights Reserved.